000 00560nam a22002177a 4500
005 20170124110120.0
010 _aA-392436
020 _c00.00
_a0448095564
035 _aA-392436
037 _bCen Lib/Ret
040 _aDPL
_bEN
082 _aN
_bKEE
100 _aKeene, Carolyn
_929635
245 _aThe thirteenth pearl /
_cby Carolyn Keene
260 _bGrosset & Dunlap Publishers
_c1979
_aNew York
270 _bNew York
300 _a179p.
_c17cm(Hb)
650 _aLiterature
_96262
650 _aNovel
_922513
942 _2ddc
_cEN
_hN
_mKEE
999 _c130976
_d130976